000 00459nam a22001697a 4500
003 OSt
005 20220111104633.0
008 220111b |||||||| |||| 00| 0 eng d
020 _a1-55009-030-5
040 _aDDC
_cHU
082 _21ST
_a616.8
_b1
100 _aLINDA WILSON -PAUWELS
_927572
245 _aAUTONOMIC NERVES,BASIC SCIENCE , CLINICAL ASPECTS , CASE STUDIES
250 _a1ST
260 _aLONDON
_bB.C. DECKER INC
_c1997
942 _2ddc
_cBOOKS
_n0
999 _c26486
_d26486